| 000 | 00369nam a2200157Ia 4500 | ||
|---|---|---|---|
| 999 |
_c2273 _d2273 |
||
| 020 | _a81-87105-84-4 | ||
| 082 | _aRR 004.6025 WOR; | ||
| 245 | 0 | _aWorld wide web: Yellow pages | |
| 250 | _a5th | ||
| 260 |
_aNew Delhi _bTechmedia _c1997 |
||
| 300 | _a1180p. | ||
| 504 | _aref | ||
| 650 | _aWeb sites - Directories | ||
| 650 | _aYellow pages - Directories | ||
| 942 | _cBK | ||